Patrias Europae - Statistics

General Stats
  • This quiz has been taken 29 times
  • The average score is 20 of 45
Answers on the Map
Answers color-coded by a green-red scale on the quiz's map according to % correct below.
 
Answer Stats
Country % Correct
⭐️ Italia
93%
⭐️ Francogallia
79%
⭐️ Dācorōmānia
76%
Russia
72%
⭐️ Germānia
69%
Albānia
66%
⭐️ Bulgaria
66%
⭐️ Croatia
66%
⭐️ Hispānia
66%
⭐️ Slovenia
66%
Bosnia et Herzegovina
62%
Macedonia
62%
Serbia
62%
⭐️ Austria
59%
⭐️ Graecia
59%
⭐️ Regnum Ūnītum
59%
Andorra
55%
⭐️ Polōnia
55%
Montenegro
52%
Moldova
48%
⭐️ Slovakia
48%
⭐️ Estonia
45%
⭐️ Hungaria
45%
Kosovo
45%
⭐️ Belgium
38%
Belorussia
38%
Helvētia
38%
⭐️ Dānia
34%
⭐️ Irlandiae
34%
⭐️ Lithuānia
34%
Cīvitās Vāticāna
31%
Islandia
31%
Norvēgia
31%
⭐️ Portugallia
31%
Ucraina
28%
⭐️ Finnia
21%
⭐️ Luxemburgum
21%
⭐️ Lettonia
17%
⭐️ Melita
14%
⭐️ Nēderlandia
14%
⭐️ Suētia
10%
Lichtenstenum
7%
Monoecus
7%
⭐️ Tzechia
3%
S. Marīniāna
0%
No matching quizzes found
Score Distribution
Percent of People with Each Score
Percentile by Number Answered
Your Score History
You have not taken this quiz